000
00312nam a22001457a 4500
008
230517b ||||| |||| 00| 0 eng d
020
_a
9780073511177
041
_a
eng
080
_2
7E
_a
575
082
_a
575SIL
100
_a
13
101
_a
BIOKIMI
245
_a
CHEMISTRY
_c
SILBERBERG
942
_2
udc
_c
BK
999
_c
59758
_d
59758